| 000 | 00705nam a2200205 4500 | ||
|---|---|---|---|
| 001 | 112608 | ||
| 003 | ES-MaACL | ||
| 005 | 20230906185553.0 | ||
| 007 | t| | ||
| 008 | 061121s1965 sp r ||||1| spa d | ||
| 100 | 1 |
_aMuñoz Taboadela, Manuel. _984507 |
|
| 245 | 1 | 0 |
_aSuelos de Galicia / _cManuel Muñoz Taboadela. |
| 260 |
_aMadrid : _bConsejo Superior de Investigaciones Científicas, _c1965. |
||
| 300 |
_aXII, 109 p. : _bil ; _c24 cm. |
||
| 490 | 1 | _aMonografías ecológicas y agrarias | |
| 710 | 2 |
_aConsejo Superior de Investigaciones Científicas (España) _93236 |
|
| 830 | 0 |
_aMonografías ecológicas y agrarias _9233143 |
|
| 852 |
_aES-MaACL _jC-28449 _bR.57812 |
||
| 999 |
_c112608 _d112608 |
||